000 00300nam a2200133Ia 4500
100 _aPanasonic
650 _aElectrical Engineering
942 _cBK
654 _aService Manual
245 _aService Manual .NV-8610
260 _bMatsushita Electric Co.
_aOsaka
546 _aENGLISH
999 _c33048
_d33048